LEADER 01527nam 2200361 450 001 996574846003316 005 20231213215817.0 010 $a1-5044-8146-1 024 7 $a10.1109/IEEESTD.2021.9626693 035 $a(CKB)4100000012154736 035 $a(NjHacI)994100000012154736 035 $a(EXLCZ)994100000012154736 100 $a20231213d2021 uy 0 101 0 $aeng 135 $aur||||||||||| 181 $ctxt$2rdacontent 182 $cc$2rdamedia 183 $acr$2rdacarrier 200 10$a2861-2021 $eIEEE Standard for Mobile Gaming Performance Evaluation and Optimization /$fInstitute of Electrical and Electronics Engineers 210 1$aNew York, NY, USA :$cIEEE,$d2021. 215 $a1 online resource (31 pages) 330 $aThis standard is to improve the user experience of mobile gaming by solving the issues between the high demands from game applications and the resource limitation of a mobile device. Message exchange is critical to coordinate the resource allocation and to optimize the performance of gaming that ensure fluent user experiences in games. Additionally, this standard specifies evaluation methods and criteria that enables the control and optimization. 606 $aCell phone services industry 606 $aComputer games 615 0$aCell phone services industry. 615 0$aComputer games. 676 $a384.534 801 0$bNjHacI 801 1$bNjHacl 906 $aDOCUMENT 912 $a996574846003316 996 $a2861-2021$93653008 997 $aUNISA LEADER 01136nam2 22003013i 450 001 NAP0543016 005 20251003044255.0 010 $a9781609604950 100 $a20120711d2011 ||||0itac50 ba 101 | $aeng 102 $aus 181 1$6z01$ai $bxxxe 182 1$6z01$an 200 0 $a2$fPatrick Felicia 210 $aHershey PA$cInformation Science Reference$d2011 215 $aXLIX, P.658-1286$cill., [38] p.$d29 cm 461 1$1001NAP0543007$12001 $aHandbook of research on improving learning and motivation through educational games$emultidisciplinary approaches$fPatrick Felicia$v2 606 $aAPPRENDIMENTO$xPSICOLOGIA$2FIR$3MILC001491$9I 676 $a371.337$9GIOCHI E GIOCATTOLI DIDATTICI$v21 696 $aAspetti psicologici 699 $aPsicologia$zAspetti psicologici 801 3$aIT$bIT-000000$c20120711 850 $aIT-BN0095 912 $aNAP0543016 950 2$aBiblioteca Centralizzata di Ateneo$cv. 1-2$d 01POZZO LIB.ECON MON 5212$e 01S 0009005535E VMA (0002 v. 2$fB $h20120711$i20120711 977 $a 01 996 $a2$961340 997 $aUNISANNIO